| 000 | 01182cas a22002535a 4500 | ||
|---|---|---|---|
| 001 | L153572 | ||
| 008 | 110808s2009 xxkqr eng u | ||
| 035 | _a(Sirsi) u153572 | ||
| 041 | 0 | _aeng | |
| 050 | _a333.33 $2 18 | ||
| 110 | 2 | _aDTZ | |
| 245 | 0 | 0 |
_aProperty times UK retail _h[electronic resource] |
| 260 |
_a[S.l.] _cDTZ $2 009- |
||
| 362 | 0 | _aQ1 2009- | |
| 490 | 0 |
_aDTZ Property Times UK Retail _vQ1 2009- |
|
| 520 | _aA regular report on the occupational real estate market with commentary, analysis and key data including an executive summary, economic overview, retail sales, retailer roundup, the quarter's trading, and retailers' results summary. | ||
| 554 | _aQuarterly | ||
| 650 | 2 | 4 | _aDTZ PROPERTY TIMES UK RETAIL |
| 651 | 4 |
_aUnited Kingdom _y |
|
| 690 | _aPROPERTY-COMMERCIAL PROPERTY-COMMERCIAL PROPERTY FINANCE AND INVESTMENT | ||
| 690 | _aPROPERTY-COMMERCIAL PROPERTY-COMMERCIAL PROPERTY MARKET | ||
| 856 | 4 | 0 |
_uhttps://www.dtz.com/Global/Research?vgnLocale=en_GB _zView the report free of charge after free registration (tick Property Times box under Report Series tab, type UK Retail in keyword box and click on search) at www.dtz.com |
| 942 | _n0 | ||
| 999 |
_c119341 _d119341 |
||